000 01371cam a2200325 i 4500
001 18402872
003 EG-ScBUE
005 20230328100225.0
008 141210t2015 cauo f 001 0 eng d
020 _a9780133953558
020 _a0133953556
040 _aPNX
_beng
_erda
_cPNX
_dPNX
_dOCLCO
_dCWJ
_dOCLCQ
_dDLC
_dEG-ScBUE
082 0 4 _a778.932
_222
_bHES
100 1 _aHess, Alan,
_eauthor.
_938795
245 1 0 _aPet photography :
_bfrom snapshots to great shots /
_cAlan Hess.
264 1 _a[San Francisco] :
_bPeachpit Press / Pearson Education,
_c[2015]
264 4 _cc2015
300 _aix, 230 pages :
_bphotographs ;
_c24 cm
336 _2rdacontent
_atext
_btxt
337 _2rdamedia
_aunmediated
_bn
338 _2rdacarrier
_avolume
_bnc
500 _aIncludes index.
520 _aThis book will teach readers everything they need to know about photographing their pets. It offers instruction on basic photographic technique, discussing exposure settings, lighting, equipment, etc. Then the book will dive into working with various types of animals, posing them, capturing action shots, and working with multiple subjects.
650 7 _aPhotography of animals.
_2BUEsh
650 7 _aPhotography
_xDigital techniques.
_2BUEsh
_937027
650 7 _aPets.
_2BUEsh
653 _bCOMAME
_cAugust2015
_cNovember2015
655 _vReading book
942 _2ddc
_cBB
999 _c20406
_d20378